Strength of materials and structures / (Record no. 3278)
[ view plain ]
| 000 -LEADER | |
|---|---|
| fixed length control field | 03587cam a2200481 a 4500 |
| 006 - FIXED-LENGTH DATA ELEMENTS--ADDITIONAL MATERIAL CHARACTERISTICS--GENERAL INFORMATION | |
| fixed length control field | m o d |
| 007 - PHYSICAL DESCRIPTION FIXED FIELD--GENERAL INFORMATION | |
| fixed length control field | cr cn||||||||| |
| 008 - FIXED-LENGTH DATA ELEMENTS--GENERAL INFORMATION | |
| fixed length control field | 070806s1999 enka ob 001 0 eng d |
| 020 ## - INTERNATIONAL STANDARD BOOK NUMBER | |
| International Standard Book Number | 9780340719206 |
| 020 ## - INTERNATIONAL STANDARD BOOK NUMBER | |
| International Standard Book Number | 0340719206 |
| 020 ## - INTERNATIONAL STANDARD BOOK NUMBER | |
| International Standard Book Number | 0080518001 |
| Qualifying information | (e-book) |
| 020 ## - INTERNATIONAL STANDARD BOOK NUMBER | |
| International Standard Book Number | 9780080518008 |
| Qualifying information | (e-book) |
| 020 ## - INTERNATIONAL STANDARD BOOK NUMBER | |
| Qualifying information | (Wiley) |
| 020 ## - INTERNATIONAL STANDARD BOOK NUMBER | |
| Qualifying information | (Wiley) |
| 040 ## - CATALOGING SOURCE | |
| Original cataloging agency | IMU Kochi Library |
| Language of cataloging | eng |
| 041 0# - LANGUAGE CODE | |
| Language code of text/sound track or separate title | eng |
| 082 04 - DEWEY DECIMAL CLASSIFICATION NUMBER | |
| Classification number | 620.1/1 |
| Edition number | 22 |
| 100 1# - MAIN ENTRY--PERSONAL NAME | |
| Personal name | Case, John, |
| Dates associated with a name | 1888-1969. |
| 245 10 - TITLE STATEMENT | |
| Title | Strength of materials and structures / |
| 250 ## - EDITION STATEMENT | |
| Edition statement | 4th ed. |
| 260 ## - PUBLICATION, DISTRIBUTION, ETC. (IMPRINT) | |
| Place of publication, distribution, etc | London ; |
| -- | New York : |
| Name of publisher, distributor, etc | Arnold, |
| Date of publication, distribution, etc | 1999. |
| 300 ## - PHYSICAL DESCRIPTION | |
| Extent | 1 online resource (xii, 706 pages) : |
| Other physical details | illustrations |
| 520 ## - SUMMARY, ETC. | |
| Summary, etc | Engineers need to be familiar with the fundamental principles and concepts in materials and structures in order to be able to design structurers to resist failures. For 4 decades, this book has provided engineers with these fundamentals. Thoroughly updated, the book has been expanded to cover everything on materials and structures that engineering students are likely to need. Starting with basic mechanics, the book goes on to cover modern numerical techniques such as matrix and finite element methods. There is also additional material on composite materials, thick shells, flat plates and the vibrations of complex structures. Illustrated throughout with worked examples, the book also provides numerous problems for students to attempt. New edition introducing modern numerical techniques, such as matrix and finite element methods Covers requirements for an engineering undergraduate course on strength of materials and structures. |
| 505 0# - FORMATTED CONTENTS NOTE | |
| Formatted contents note | Preface * Introduction * Tension and compression: direct stress * Pin-jointed frames or trusses * Shearing stress * Joints and connections * Analysis of stress and strain * Thin shells under internal pressure * Bending moments and shearing forces * Geometrical properties of cross-sections * Longitudinal stresses in beams * Shearing stresses in beams * Beams of two materials * Bending stresses and direct stresses combined * Deflections of beams * Built-in and continuous beams * Plastic bending of mild-steel beams * Torsion of circular shafts and thin-walled tubes * Energy methods * Buckling of columns and beams * Lateral deflections of circular plates * Torsion of non-circular sections * Thick circular cylinders, discs and spheres * Introduction to matrix algebra * Matrix methods of structural analysis * The finite element method * Structural vibrations. |
| 500 ## - GENERAL NOTE | |
| General note | First edition published in 1959 under title: Strength of materials. |
| 504 ## - BIBLIOGRAPHY, ETC. NOTE | |
| Bibliography, etc | Includes bibliographical references. |
| 650 #0 - SUBJECT ADDED ENTRY--TOPICAL TERM | |
| Topical term or geographic name as entry element | Strength of materials. |
| 650 #6 - SUBJECT ADDED ENTRY--TOPICAL TERM | |
| Topical term or geographic name as entry element | R�esistance des mat�eriaux. |
| 650 #7 - SUBJECT ADDED ENTRY--TOPICAL TERM | |
| Topical term or geographic name as entry element | strength of materials. |
| Source of heading or term | aat |
| 650 #7 - SUBJECT ADDED ENTRY--TOPICAL TERM | |
| Topical term or geographic name as entry element | Strength of materials |
| Source of heading or term | fast |
| 650 #7 - SUBJECT ADDED ENTRY--TOPICAL TERM | |
| Topical term or geographic name as entry element | Festigkeitslehre |
| Source of heading or term | gnd |
| 700 1# - ADDED ENTRY--PERSONAL NAME | |
| Personal name | Chilver, Henry Chilver, |
| Titles and other words associated with a name | Baron, |
| Dates associated with a name | 1926-2012. |
| 700 1# - ADDED ENTRY--PERSONAL NAME | |
| Personal name | Ross, C. T. F., |
| Dates associated with a name | 1935- |
| 852 ## - LOCATION/CALL NUMBER | |
| Location | IMU Kochi Library |
| 856 40 - ELECTRONIC LOCATION AND ACCESS | |
| Uniform Resource Identifier | <a href="https://www.sciencedirect.com/science/book/9780340719206">https://www.sciencedirect.com/science/book/9780340719206</a> |
| 904 ## - LOCAL DATA ELEMENT D, LDD (RLIN) | |
| CATALOGER | Rudra Ranjan |
| 905 ## - LOCAL DATA ELEMENT E, LDE (RLIN) | |
| VERIFIER | Rudra Ranjan |
| 942 ## - ADDED ENTRY ELEMENTS (KOHA) | |
| Item type | E-Book |
| 100 1# - MAIN ENTRY--PERSONAL NAME | |
| -- | https://id.oclc.org/worldcat/entity/E39PBJgXgMGt7WPcxmfKW9Gyh3 |
| 338 ## - | |
| -- | online resource |
| 650 #6 - SUBJECT ADDED ENTRY--TOPICAL TERM | |
| -- | (CaQQLa)201-0017561 |
| 650 #7 - SUBJECT ADDED ENTRY--TOPICAL TERM | |
| -- | (CStmoGRI)aat300056201 |
| 650 #7 - SUBJECT ADDED ENTRY--TOPICAL TERM | |
| -- | (OCoLC)fst01134837 |
| 650 #7 - SUBJECT ADDED ENTRY--TOPICAL TERM | |
| -- | (DE-588)4016917-0 |
| 700 1# - ADDED ENTRY--PERSONAL NAME | |
| -- | https://id.oclc.org/worldcat/entity/E39PBJgCFYvTCVjCQkPyWgCbBP |
| 700 1# - ADDED ENTRY--PERSONAL NAME | |
| -- | https://id.oclc.org/worldcat/entity/E39PCjHjRPqX9r9y4J3WKmDrMP |
No items available.